Tribhuvan University Central Library

Cost volume profit analysis of Annapurna Vegetable Products Private Ltd. (Record no. 65191)

MARC details
000 -LEADER
fixed length control field 00482 a2200157 4500
008 - FIXED-LENGTH DATA ELEMENTS--GENERAL INFORMATION
fixed length control field 150922b xxu||||| |||| 00| 0 eng d
041 ## - LANGUAGE CODE
Language code of text/sound track or separate title English
082 ## - DEWEY DECIMAL CLASSIFICATION NUMBER
Classification number CD7070
100 ## - MAIN ENTRY--PERSONAL NAME
Personal name Shrestha, Devendra
245 ## - TITLE STATEMENT
Title Cost volume profit analysis of Annapurna Vegetable Products Private Ltd.
260 ## - PUBLICATION, DISTRIBUTION, ETC. (IMPRINT)
Place of publication, distribution, etc Kathmandu,
Date of publication, distribution, etc 2011
502 ## - DISSERTATION NOTE
Dissertation note Dissertation
Degree type Degree in management
Name of granting institution SDC
Year degree granted TU
650 ## - SUBJECT ADDED ENTRY--TOPICAL TERM
Topical term or geographic name as entry element Profit planning
-- Budgeting
-- Raw materials
653 ## - INDEX TERM--UNCONTROLLED
Uncontrolled term Management
942 ## - ADDED ENTRY ELEMENTS (KOHA)
Source of classification or shelving scheme Dewey Decimal Classification
Koha item type Audio Visual Materials
Holdings
Withdrawn status Lost status Source of classification or shelving scheme Damaged status Not for loan Home library Current library Date acquired Total Checkouts Full call number Barcode Date last seen Price effective from Koha item type
    Dewey Decimal Classification     Tribhuvan University Central Library Tribhuvan University Central Library 05/24/2012   Cd7070 A7018 05/24/2012 05/24/2012 Audio Visual Materials